Centro América: Zona de conmociones

Պահպանված է:
Մատենագիտական մանրամասներ
Հիմնական հեղինակ: Dolgov, Vladimir
Ձևաչափ: Տեքստ
Հրապարակվել է: Moscú: de la Agencia de prensa Novosti
Ցուցիչներ: Ավելացրեք ցուցիչ
Չկան պիտակներ, Եղեք առաջինը, ով նշում է այս գրառումը!

MARC

LEADER 00000 a a2200000 04500
001 24455
003
040
090 |a 166800  
100 |a Dolgov, Vladimir  
245 |a Centro América: Zona de conmociones  
260 |a Moscú:   |b de la Agencia de prensa Novosti  
300 |a 78 p.  
999 |c 1554  |d 1554